Hiện trạng và dự báo xu thế hoang mạc hoá ở các tỉnh Ninh Thuận và Bình Thuận ở Việt Nam
Đã lưu trong:
| 主要作者: | |
|---|---|
| 格式: | 圖書 |
| 語言: | Undetermined |
| 主題: | |
| 在線閱讀: | http://lrc.tdmu.edu.vn/opac/search/detail.asp?aID=2&ID=26603 |
| 標簽: |
添加標簽
沒有標簽, 成為第一個標記此記錄!
|
| Thư viện lưu trữ: | Trung tâm Học liệu Trường Đại học Thủ Dầu Một |
|---|
| LEADER | 00634nam a2200145Ia 4500 | ||
|---|---|---|---|
| 001 | TDMU_26603 | ||
| 008 | 210410s9999 xx 000 0 und d | ||
| 082 | |a 635.9 | ||
| 100 | |a Lê, Văn Khoa | ||
| 245 | 0 | |a Hiện trạng và dự báo xu thế hoang mạc hoá ở các tỉnh Ninh Thuận và Bình Thuận ở Việt Nam | |
| 245 | 0 | |c Lê Văn Khoa | |
| 300 | |a Tr.31-37 | ||
| 650 | |a Địa lý địa chất; Hoang mạc hóa; Ninh Thuận; Bình Thuận | ||
| 856 | |u http://lrc.tdmu.edu.vn/opac/search/detail.asp?aID=2&ID=26603 | ||
| 980 | |a Trung tâm Học liệu Trường Đại học Thủ Dầu Một | ||